000
00324nam a22001457a 4500
003
OSt
008
250519b |||||||| |||| 00| 0 eng d
100
_a
SINGH, Dr. Karam
245
_a
Vedic Manyataye
250
_a
1st
260
_a
New Delhi
_b
Arya Prakashan
_c
1997
300
_a
84
650
_a
General
942
_2
ddc
_c
BK
999
_c
13595
_d
13595